书目信息 |
| 题名: |
电磁波测距原理
|
|
| 作者: | 刘兰 著 | |
| 分册: | ||
| 出版信息: | 北京 测绘出版社 1983 |
|
| 页数: | 394页 | |
| 开本: | 25cm | |
| 丛书名: | ||
| 单 册: | ||
| 中图分类: | P225 | |
| 科图分类: | ||
| 主题词: | 电磁波测距--理论 | |
| 电子资源: | ||
| ISBN: | ||
| 000 | 00612nam0 2200241 45 | |
| 001 | 0183006513 | |
| 005 | 20040520144916.2 | |
| 010 | @dCNY5.10 | |
| 091 | @a15039.新245 | |
| 100 | @a19950615d1983 em y0chiy0121 ea | |
| 101 | 0 | @achi |
| 102 | @aCN@b110000 | |
| 105 | @ay z 000yy | |
| 106 | @ar | |
| 200 | 10 | @a电磁波测距原理@Adian ci bo ce ju yuan li@f刘兰著 |
| 210 | @a北京@c测绘出版社@d1983 | |
| 215 | @a394页@d25cm | |
| 606 | @a电磁波测距@x理论 | |
| 690 | @aP225@v3 | |
| 701 | 0 | @a刘兰@Aliu lan@4著 |
| 801 | 0 | @aCN@b上海图书馆@c20040520 |
| 801 | 2 | @aCN@bNLC@c20040520 |
| 905 | @f1@b155674@dP225@e36 | |
| 电磁波测距原理/刘兰著.-北京:测绘出版社,1983 |
| 394页;25cm |
| ISBN :CNY5.10 |
| ● |
| 相关链接 |
|
|
|
|
正题名:电磁波测距原理
索取号:P225/36
 
预约/预借
| 序号 | 登录号 | 条形码 | 馆藏地/架位号 | 状态 | 备注 |
| 1 | 0155674 | 000625817 | 第三借阅区/ [索取号:P225/36] | 在馆 | |
| 2 | 0155675 | 202105738 | 第二样本阅览室/ [索取号:P225/36] | 在馆 |